000 00328nam a2200145 i 4500
001 bg
100 1 _aPISKOREK, Adam
245 0 _aRównania całkowe /
_cAdam Piskorek.
250 _awyd.2 rozsz.
260 _aWarszawa,
_c1980.
040 _cBPK
041 _apol
942 _cKS
008 s pl f |000 0 pol
999 _c19212
_d19212
856 _uhttp://koha.tu.koszalin.pl/cgi-bin/koha/opac-detail.pl?biblionumber=19212
_yKatalog online BPK